| 000 | 00758nam a22002417a 4500 | ||
|---|---|---|---|
| 003 | UA-OsUOA | ||
| 001 | 67569 | ||
| 007 | ta | ||
| 008 | 20100303b un ||||| |||| 00| 0 ukr d | ||
| 100 | _aТангиев Б. Б. | ||
| 090 |
_a343.3(470+571) _bТ18 |
||
| 942 | _cBK | ||
| 040 |
_aUA-OsUOA _bukr _cUA-OsUOA _dUA-OsUOA |
||
| 245 |
_aЭкологическая преступность - основная угроза национальной безопасности Росии _bМонография |
||
| 300 | _a178 с. | ||
| 955 | _a2 | ||
| 041 | _aukr | ||
| 080 | _a343.3(470+571) | ||
| 020 | _a5-902211-05-01 | ||
| 260 |
_aСПб _c2004 |
||
| 650 | 7 |
_a343 Кримінальне право. Карні порушення _2UDC |
|
| 999 |
_c353558 _d353558 |
||